000 00405nam a22001577a 4500
003 CEME
005 20210628205024.0
008 210204b xxu||||| |||| 00| 0 eng d
040 _c.
082 _a512.55 HER
245 _aLie algebras and quantum mechanics
260 _aNEW YORK
_bW.A. BENJAMIN
_c1970
300 _aXVI,320P
650 _aLIE ALGEBRAS AND QUANTUM MECHANICS
_973465
942 _cBK
_2ddc
999 _c579201
_d579201